Ngoại thương = Foreign trade

Guardat en:
Dades bibliogràfiques
Format: Llibre
Idioma:Undetermined
Publicat: Hà Nội Bộ Thương mại. Trung tâm Thông tin thương mại 2020
Matèries:
Etiquetes: Afegir etiqueta
Sense etiquetes, Sigues el primer a etiquetar aquest registre!
Thư viện lưu trữ: Trung tâm Học liệu Trường Đại học Cần Thơ
LEADER 00580nam a2200193Ia 4500
001 CTU_236808
008 210402s9999 xx 000 0 und d
020 |c 0 
082 |a 382 
082 |b Ng404 
245 0 |a Ngoại thương = 
245 0 |b Foreign trade 
245 0 |c Bộ Thương mại. Trung tâm Thông tin thương mại 
260 |a Hà Nội 
260 |b Bộ Thương mại. Trung tâm Thông tin thương mại 
260 |c 2020 
650 |a Foreign trade 
904 |i T.Trang 
980 |a Trung tâm Học liệu Trường Đại học Cần Thơ